Historia de la vida / (Registro nro. 8176)

Detalles MARC
000 -CABECERA
Campo de control interno 01707nam a2200241Ia 4500
008 - ELEMENTOS DE LONGITUD FIJA - INFORMACIÓN GENERAL
Campo de control de longitud fija 260220t1960||||xx |||||||||||||| ||spa||
040 ## - FUENTE DE CATALOGACIÓN
Agencia de catalogación original PY-SlUNAC
Idioma de catalogación spa
Convenciones de descripción rda
041 ## - CÓDIGO DE IDIOMA
Código de idioma para texto/pista de sonido o título separado spa
082 ## - NÚMERO DE CLASIFICACIÓN DECIMAL DEWEY
Clasificación Decimal Dewey (CDD) 575
Clasificación Expansiva de Cutter (EC) M525h
100 ## - ASIENTO PRINCIPAL - NOMBRE PERSONAL
Nombre personal Mellersh, H. E. L.
Rol del autor Autor
245 #0 - TÍTULO
Título Historia de la vida /
Mención de responsabilidad por H. E. L. Mellersh [Autor]
264 ## - PIE DE IMPRENTA
Lugar Barcelona :
Editorial Jano,
Año ℗1960.
300 ## - DESCRIPCIÓN FÍSICA
Páginas 1 volumen
520 ## - NOTA DE RESUMEN
Nota de resumen La obra "Historia de la vida" de H. E. L. Mellersh presenta un análisis exhaustivo de la evolución de la vida en la Tierra, abarcando desde sus orígenes más primitivos hasta la complejidad de los organismos actuales. Mellersh explora las diversas etapas del desarrollo biológico, enfatizando la interacción entre los factores ambientales y los procesos evolutivos que han dado forma a las especies. El autor utiliza un enfoque interdisciplinario, integrando conocimientos de paleontología, biología y geología para ofrecer una visión completa de cómo la vida ha respondido a cambios climáticos y geológicos a lo largo de millones de años. A través de un estilo accesible y una narrativa cautivadora, Mellersh invita a los lectores a reflexionar sobre el lugar de la humanidad en este vasto proceso evolutivo. La obra es un recurso valioso tanto para estudiantes como para el público general interesado en comprender la complejidad y la historia de la vida en nuestro planeta, resaltando la importancia de la biodiversidad y la conservación.
653 ## - MATERIA - TÉRMINO TEMÁTICO NO CONTROLADO (PALABRAS CLAVE)
Materia - término temático no controlado (palabras clave) Biografía
653 ## - MATERIA - TÉRMINO TEMÁTICO NO CONTROLADO (PALABRAS CLAVE)
Materia - término temático no controlado (palabras clave) Historia
653 ## - MATERIA - TÉRMINO TEMÁTICO NO CONTROLADO (PALABRAS CLAVE)
Materia - término temático no controlado (palabras clave) Vida social
942 ## - ELEMENTOS PERSONALIZADOS (KOHA)
Fecha catalogación 2026/02/17
Tipo de documento Libros
Existencias
Fuente de Clasificacion Colección Ubicacion permanente Biblioteca actual Fecha de Ingreso a la Biblioteca Origen de adquisición Código de ubicación Código de barras Tipo de Item KOHA Nota pública
Dewey Decimal Classification Colección General (CG) Biblioteca e Internet, Facultad de Ciencias Exactas y Naturales Biblioteca e Internet, Facultad de Ciencias Exactas y Naturales 02/20/2026 Donación 575 M525h CG1536 Libros Material disponible en la Biblioteca e Intenet, Campus UNA, San Lorenzo.